| 000 | 01234nam a22003017a 4500 | ||
|---|---|---|---|
| 999 |
_c828 _d828 |
||
| 001 | 003433 | ||
| 003 | CoMeUDC003433 | ||
| 005 | 20190116232918.0 | ||
| 008 | 161103s2016 ck gr 000 0 spa d | ||
| 020 | _a9789587756500 | ||
| 040 |
_aCO-BoUEC _cCoMeUDC |
||
| 043 | _as-ck--- | ||
| 082 | 0 | 4 |
_a348.02 _bH867m _221 |
| 100 | 1 | _aHoyos Lemus, Félix | |
| 245 | 1 | 0 |
_aMedios de control en el CPACA / _cFélix Hoyos Lemus. |
| 260 |
_aBogotá : _bUniversidad Nacional de Colombia. Facultad de Derecho, Ciencias Políticas y Sociales. Vicedecanatura de Investigación y Extensión. Instituto Unidad de Investigaciones Jurídico-Sociales Gerardo Molina, UNIJUS, _c2016. |
||
| 300 |
_a275 páginas ; _c24 cm. |
||
| 490 | 0 |
_aLibros de texto ; _v4. |
|
| 504 | _aIncluye referencias bibliográficas (páginas 267-269) | ||
| 610 | 2 | 4 |
_aColombia. _bConsejo de Estado _vJurisprudencia |
| 610 | 2 | 4 |
_aColombia. _bCorte Constitucional _vJurisprudencia |
| 650 | 1 | 4 |
_aProcedimiento administrativo _xLegislación _zColombia |
| 650 | 1 | 4 |
_aRecurso contencioso administrativo _zColombia |
| 650 | 1 | 4 |
_aDerecho administrativo _zColombia |
| 650 | 1 | 4 |
_aControl de constitucionalidad _zColombia |
| 651 | 4 |
_aColombia _xDerecho constitucional |
|
| 942 |
_2ddc _cBK |
||